| 000 | 00878cam a2200253 a 4500 | ||
|---|---|---|---|
| 001 | 3523564 | ||
| 005 | 20161204111908.0 | ||
| 008 | 960212s1996 maua 001 0 eng | ||
| 010 | _a 96010216 | ||
| 020 | _a0875846513 (alk. paper) | ||
| 020 | _a9780875846514 | ||
| 082 | 0 | 0 |
_a658.4012 _220 _bKAP |
| 100 | 1 |
_aKaplan, Robert S. _932714 |
|
| 245 | 1 | 4 |
_aThe Balanced Scorecard : _bTranslating Strategy Into Action / _cRobert S. Kaplan, David P. Norton. |
| 260 |
_aBoston, Mass. : _bHarvard Business School Press, _cc1996. |
||
| 300 |
_axi, 322 p. : _bill. ; _c24 cm. |
||
| 500 | _aIncludes index. | ||
| 650 | 0 |
_aStrategic planning. _932731 |
|
| 650 | 0 |
_aOrganizational effectiveness _xEvaluation. _932732 |
|
| 653 |
_bBus _cFebruary2013 _cMarch2013 |
||
| 650 | 0 |
_932730 _aIndustrial productivity _xMeasurement |
|
| 700 | 1 |
_aNorton, David P., _d1941- _932718 |
|
| 942 |
_2ddc _cBB |
||
| 999 |
_c17328 _d17300 |
||